TV: ¿Comunicación o contaminación?. Los efectos de la televisión en los niños
Gardado en:
| Autor Principal: | |
|---|---|
| Formato: | Libro |
| Idioma: | Lingua castelá |
| Publicado: |
Santiago
Galdoc Ltda.
1980
|
| Edición: | 1a. ed |
| Subjects: | |
| Tags: |
Engadir etiqueta
Sen Etiquetas, Sexa o primeiro en etiquetar este rexistro!
|
MARC
| LEADER | 00000cam a2200000 a 4500 | ||
|---|---|---|---|
| 001 | UCE9389 | ||
| 003 | CL-VaPUC | ||
| 008 | 151022e19800000cl |||||||||||||||||spa|d | ||
| 082 | 0 | 4 | |a 302 |b MON |2 21 |
| 100 | |a Montenegro Arriagada, Hernán |e autor |9 582228 | ||
| 245 | 1 | 0 | |a TV: ¿Comunicación o contaminación?. Los efectos de la televisión en los niños |
| 250 | |a 1a. ed | ||
| 300 | |a 143 p | ||
| 942 | |c BK | ||
| 945 | |d 20151022 17:18:00 |a dcastane | ||
| 260 | |a Santiago |b Galdoc Ltda. |c 1980 | ||
| 650 | 0 | |a Psicología social |9 222894 | |
| 650 | 0 | |a Medios de comunicación de masas |9 257273 | |
| 650 | 0 | |a Televisión |9 256845 | |
| 650 | 7 | |a INFLUENCIA FAMILIAR |2 CL-VaPUC |9 335148 | |
| 583 | |a last modification |c 20151022 17:18:00 |k Rodrigo Vera | ||
| 999 | |c 361053 |d 361051 | ||
| 952 | |0 0 |1 0 |3 erb |4 0 |6 302_000000000000000_MON_1980 |7 0 |8 C |9 471374 |a BIBCUR |b BIBCUR |i 5206219 |o 302 MON 1980 |p 5206219 |r 2025-04-22 |w 2019-11-24 |y BK |z Catalogado en:20151022 |k CAC | ||